00245nam a2200109Ia 4500008004100000041000800041100001200049245001900061260002800080300000800108999001900116230822s1997 xx 000 0 und d aeng aNAIR.A. aTHE BETTER MAN bPENGUIN BOOKS LTDc1997 a361 c858606d858606